[Event "RUS-Cup01 Chigorin Memorial"]
[Site "St Petersburg"]
[Date "1997.11.06"]
[Round "6"]
[White "Brodsky, Michail"]
[Black "Beshukov, Sergei"]
[Result "1-0"]
[WhiteElo "2545"]
[BlackElo "2430"]
[Annotator "Yakovich,Y"]
[PlyCount "101"]
[EventDate "1997.11.01"]
[EventType "swiss"]
[EventRounds "9"]
[EventCountry "RUS"]
[SourceTitle "CBM 062"]
[Source "ChessBase"]
[SourceDate "1998.01.31"]
[SourceVersion "1"]
[SourceVersionDate "1998.01.31"]
[SourceQuality "1"]

1. e4 {HarZvi,R} c5 2. Nf3 Nc6 3. Bb5 g6 4. Bxc6 bxc6 5. O-O Bg7 6. Re1 Nh6 $1
(6... d6 $2 7. e5) (6... Nf6 $6 7. e5 Nd5 8. c4 Nc7 9. d4 cxd4 10. Qxd4 {
[%cal Yd4h4,Yc1h6]}) 7. c3 O-O 8. d4 (8. h3 {HarZvi,R} d5 9. d3 f6 10. Be3 c4
$1 11. exd5 cxd3 12. Qxd3 cxd5 13. Bc5 Bf5 14. Qd1 Be4 15. Nbd2 Rc8 $13 {
Rublevsky,S-Hracek,Z/Polanica Zdroy 1996;CBM 55}) 8... cxd4 9. cxd4 f6 10. Nc3
(10. h3 {HarZvi,R} Nf7 (10... Rb8 11. Nc3 d6 12. Qc2 Nf7 13. b3 Bd7 14. Bb2 Qc8
15. Rad1 Kh8 16. Qd2 Rb7 17. Ne2 Rb5 18. Ng3 $14 {Becerra Rivero,J-Spangenberg,
H/Capablanca mem-A 1994;CBM 43}) 11. b3 d6 12. Bb2 f5 13. Qc2 fxe4 14. Qxe4 Bd7
15. Nc3 (15. Qxe7 Ne5) 15... Bf6 16. Qe3 Qa5 17. Rad1 $13 {Bologan,V-Yakovich,
Y/Novgorod op 1995}) 10... d6 11. h3 (11. Qa4 {HarZvi,R}) 11... Nf7 {What is
the results of the opening? Black have two bishops and flexible pawn structure.
White have advantage in the centre and in the space.} 12. Qc2 (12. b3 Qa5 (
12... f5 {HarZvi,R} 13. Bb2 fxe4 14. Nxe4 Bd7 15. Rc1 (15. Qd2 $142 a5 16. Re2
$14 {[%cal Ga1e1]}) 15... Qa5 16. Bc3 Qd5 $13 {Arkhipov,S-Yakovich,Y/Russia 
(ch) 1994;61/173}) (12... Bd7) 13. Bb2 Qh5 14. d5 c5 15. Ne2 g5 16. Ng3 Qg6 17.
Nh2 e5 18. dxe6 Bxe6 19. Ng4 Rad8 20. Ne3 Nh6 21. Ngf5 Bxf5 22. exf5 Qf7 23.
Qc2 Rfe8 24. Rad1 Kh8 25. Rd2 Ng8 26. Red1 Qc7 27. Qc4 Ne7 28. b4 Qc8 29. bxc5
Nxf5 30. Nxf5 Qxf5 31. Rxd6 Rc8 32. c6 Rf8 33. Rd7 Qa5 34. Bd4 Rc7 35. Bc3 Qb6
36. Rxc7 Qxc7 37. Rd7 Qb6 38. c7 Rc8 39. Qf7 {1-0 Ulibin,M-Troyke,C/Berliner
Sommer 1995/EXP 47}) (12. b3 $14 {Rrhipov-Jakovic/Russia 1994}) (12. Be3 {
HarZvi,R} Bd7 (12... Rb8 13. Qa4 Rxb2 14. Qxc6 f5 15. Qa4 fxe4 16. Nxe4 Qb6 17.
Ned2 Rb4 18. Qa3 Bf5 $13 {Nevednichy,V-Goldin,A/Jugoslavija 1993;58/(194)}) 13.
Qd2 Qc7 14. Rac1 Qb7 15. b3 Rad8 $1 16. Qc2 f5 17. e5 c5 $1 {Spasov,V-Svidler,
P/Erevan (ol)1996;CBM 55}) 12... Bd7 13. Bd2 {HarZvi: this is quite difficult
position,black enjoyes the two bishop advantage but his bishops are not good
at all,so this is not critical here,what maybe more important is white's
advantage in space here,which may give a slight advantage here,although it is
not clear where and what he should do with it} (13. Be3 Qa5 14. Nd2 f5 15. Rad1
fxe4 16. Qxe4 Rae8 17. Qd3 Nh6 18. Nb3 Qc7 (18... Qb4 $142 $5 $13 {HarZvi,R})
19. Qc4+ Kh8 20. Nd5 Qb7 21. Nf4 Nf5 22. Bd2 Nxd4 23. Nxd4 e5 24. Nxg6+ hxg6
25. Nf3 Rxf3 26. gxf3 Rf8 27. Qh4+ Kg8 28. Bh6 Bxh6 29. Qxh6 Rf6 30. Qh4 Re6
31. f4 Qb4 32. Qd8+ Be8 33. fxe5 d5 34. b3 Qe7 35. Qxe7 Rxe7 36. e6 Kg7 37. Re3
Kf6 38. Rde1 g5 39. Rf3+ Kg7 40. Re5 Kg6 41. Rff5 {1-0 Yudasin,L-Morovic
Fernandez,I/Leon 1993/CBM 36}) 13... Rc8 14. Rad1 Qb6 (14... c5 $5 {HarZvi:
this a chance that as far as I understand white should not allow black to play
this move,that's why he playes 13.Be3 and not 13.Bd2} 15. Be3 (15. dxc5 Rxc5
16. Be3 Rc7) 15... cxd4 16. Nxd4 Ne5) 15. Bc1 Qb7 16. Ne2 Rfe8 (16... c5 $5 {
HarZvi,R}) 17. Qd3 Rcd8 {HarZvi: I can not understand why black avoids playing
"c5" but I much less understand the why he played next here} 18. Nc3 g5 $2 {
[%csl Rf5] What for? Black has two main ideas: f6-f5 in the moment when White
can't reply e4-e5 and e7-e7 and then f6-f5. Move g6-g5 prevents to bots plans.
HarZvi: why to play this move,is black going to mate white or simply playing
very bad?!why to weaken the "f5" square so much the "h5" square} 19. Nd2 e5 $2
{[%csl Rf5,Rg7] The decisive mistake in connection with 18...g5. HarZvi: and
now even more,there is nothing more to defend the "f5" square,and just look on
black's pair of bishops espcially the "g7"one!} 20. d5 c5 21. Nf1 $18 {[%csl
Rg7][%cal Yf1g3,Yg3f5] /+-} Nh8 22. Ng3 Ng6 23. Nf5 Bxf5 {HarZvi: after this
you can say black is lost,the bishop on "g7" with all his terrible pieces,and
pawn structure makes the result just a matter of time,it is just incredible
how many mistakes black has played in such short time,white will organize his
pieces and then break in the Queen's side} (23... Bf8 $142 {HarZvi,R} 24. g3 {
[%cal Gg1g2,Ge1h1,Yh3h4]}) 24. exf5 Ne7 25. g4 Nc8 {[%csl Ge4,Rg7][%cal Yc3e4,
Ye4d6,Ye4f6,Ge1e4,Ge4a4]} 26. Re4 Nb6 27. b4 Nd7 (27... cxb4 {HarZvi,R} 28.
Rxb4 {[%cal Gc1e3]}) 28. Ba3 Rc8 (28... cxb4 {HarZvi,R} 29. Bxb4 Bf8 30. Rb1)
29. Rb1 c4 30. Qd2 {[%csl Rc4]} (30. Rxc4 $4 {HarZvi,R} Qa6 31. Rxc8 Qxd3 32.
Rxe8+ Bf8 33. Rc1 Qxh3 $19) 30... Qa6 31. Bc1 Nb6 32. a4 Bf8 (32... Nxa4 {
HarZvi,R} 33. Ra1 Nxc3 34. Rxa6 Nxe4 35. Qe3 {[%csl Re4]}) 33. Qd1 {HarZvi:
now the play is very simple white will organize his pieces and then advance
his "a" and "b" pawns creating one pass pawn from there the win will not be
too complicated} Be7 34. Be3 Bd8 35. a5 Nd7 36. Qa4 Re7 37. Qb5 Nb8 (37... Qxb5
{HarZvi,R} 38. Nxb5 {[%csl Ra7,Rd6]}) 38. Ra1 Kg7 39. Qa4 Qb7 40. b5 {HarZvi:
the rest is no big deal} Qc7 41. b6 axb6 42. axb6 Qb7 43. Qb5 (43. Rxc4 $2 {
HarZvi,R} Rxc4 44. Qxc4 Bxb6 45. Rb1 Qc7 46. Qxc7 Bxc7 47. Nb5 Na6 48. Nxd6
Bxd6 49. Rb6 $18) 43... Qd7 44. Qb4 (44. Ra7 {HarZvi,R} Qxb5 45. Nxb5 $18)
44... Nc6 45. dxc6 Qxc6 46. Rd1 Rd7 47. Qa5 Rb7 48. Rb1 Rd7 49. Qd5 Qxd5 50.
Nxd5 c3 51. Ra4 1-0

[Event "RUS-Cup01 Chigorin Memorial"]
[Site "St Petersburg"]
[Date "1997.11.07"]
[Round "7"]
[White "Totsky, Leonid"]
[Black "Lopushnoy, Denis"]
[Result "1-0"]
[WhiteElo "2485"]
[BlackElo "2385"]
[Annotator "Yakovich,Y"]
[PlyCount "120"]
[EventDate "1997.11.01"]
[EventType "swiss"]
[EventRounds "9"]
[EventCountry "RUS"]
[SourceTitle "CBM 062"]
[Source "ChessBase"]
[SourceDate "1998.01.31"]
[SourceVersion "1"]
[SourceVersionDate "1998.01.31"]
[SourceQuality "1"]

1. e4 {HarZvi,R} c5 2. Nf3 Nc6 3. Bb5 g6 4. O-O Bg7 5. c3 Nf6 6. Qa4 O-O (6...
Qb6 $5 {preventing d2-d4} 7. Re1 O-O 8. h3 Rd8 9. Na3 d6 10. Nc4 Qc7 11. Bxc6
bxc6 12. e5 Nd5 13. d4 cxd4 14. Nxd4 dxe5 15. Nf3 f6 16. Na5 Bd7 17. Nb3 Qb6
18. Qa3 Bf8 19. Be3 Nxe3 20. Rxe3 Bf5 21. Qa4 {Totsky,L-Yakovich,Y/RUS-Cup4
1997/CBM 58/0-1 (43)}) 7. d4 cxd4 8. cxd4 d5 $146 {HarZvi: a novelty but not a
good one I believe,the main move is 8...Nxe4 which should be OK for black} (
8... Nxe4 $6 9. d5 Nc5 10. Qa3 $1 $36 {1-0 Totsky,L-Grebenkin/RUS-Cup5 1997/
EXP 57 (22)} (10. Qc2 {HarZvi,R} Qb6 11. Nc3 Nb4 12. Qe2 d6 13. a3 Nba6 14. Be3
Bg4 15. Rac1 Qd8 16. h3 Bxf3 17. Qxf3 Nc7 {when I do not know where's white's
compensation? Odeev,H-Svidler,P/Moscow (ol) 1994;EXP 44}) (10. Qa3 Qb6 11. Nc3
Ne5 12. Nxe5 Bxe5 13. Bh6 Rd8 14. Rfe1 Bd6 15. b4 Na6 16. Re4 Re8 17. Qb2 $44 {
/+/- Totsky,L-Grebenkin/Rus-Cup5 1997;EXP 57})) (8... a6 9. Re1 (9. d5 {
HarZvi,R} Nb8 10. Nc3 d6 11. Be3 Ng4 12. Bd2 Nd7 13. Be2 Nc5 14. Qc2 f5 15. h3
Ne5 16. Nxe5 Bxe5 $132 {Pugachev,A-Goldin,A/ST.Petersburg 1994}) 9... Rb8 (9...
Na5 10. Bd3 b5 11. Qd1 Bb7 12. Nbd2 Rc8 13. Nf1 d6 14. Ng3 Nd7 15. h4 {1/2-1/2
Pagachov,A-Wells,P/Zalakaros 1996}) 10. Bxc6 bxc6 11. Nc3 Qc7 12. e5 Nd5 13.
Nxd5 cxd5 14. Bg5 Qd8 15. Qa3 Re8 16. Rac1 Bb7 17. Bd2 Bc6 18. h4 Qb6 {1/2-1/2
Odeev,H-Pacheco Asmat,J/Erevan olm 1996/EXT 96ch2 (45)}) 9. e5 (9. Bxc6 {
HarZvi,R} dxe4 $1 (9... bxc6 10. e5 {[%csl Rc6]})) 9... Nd7 (9... Ne4 {HarZvi,R
} 10. Bxc6 bxc6 11. Qxc6) 10. Bxc6 Nb6 11. Qa5 (11. Qc2 {HarZvi,R} Bf5 12. Qc3
Rc8) 11... bxc6 12. b3 Bg4 13. Nbd2 Nd7 14. Qc3 (14. Qxd8 {HarZvi,R} Rfxd8 15.
Ba3) 14... Rc8 15. Ba3 $14 {[%csl Rc5,Rc6] HarZvi: the opening stage has ended,
we can say quite for sure that white is better here thanks to black's weakness,
the "c6" pawn,the "a7"pawn and of course white's more active pieces} c5 {
black tries to free himself as quick as possible,but this leads him into a
difficult endgame for him,he should have played something such as 15...f6
whenthe position is not so clear} (15... f6 16. e6 $1 $16) 16. Bxc5 Nxc5 (16...
f6 17. exf6 exf6 18. b4 $16) 17. dxc5 {/+/-} d4 (17... f6 {HarZvi,R} 18. Rfe1)
18. Qc4 (18. Qxd4 $4 Qxd4 19. Nxd4 Bxe5 $19) 18... Be6 (18... Qc7 19. Qxd4 Bxf3
20. Nxf3 Rfd8 21. Qf4 $16) 19. Qxd4 (19. Qb4 {HarZvi,R}) 19... Qxd4 20. Nxd4
Bxe5 21. Nxe6 fxe6 22. Rac1 (22. Rad1 {HarZvi,R} Rxc5 23. Nc4) 22... Bf4 23.
Rc2 (23. Rfd1 {HarZvi,R} Rfd8 24. Rc2 Bxd2 (24... Rd5 25. Kf1 Rcd8 26. Ke2) 25.
Rdxd2 Rxd2 26. Rxd2 Rxc5 27. Kf1) 23... Bxd2 24. Rxd2 Rxc5 {HarZvi: everything
was quite forced after17...d4 by black,it is clear black has a difficult
endgame to defend,white has some serious advantages,2 against 1 on the Queen's
side,while black extra pawn on the king's side is e7 or e6 what ever you want!}
25. Re1 $1 (25. Rd7 Ra5 (25... Ra5 {HarZvi,R} 26. a4 Kf7)) 25... Rfc8 26. f3
Kf7 27. Kf2 R8c6 $6 {Black begin to play without plan. The best defence plan
for Black is a capture space on kingside, and creation weaknesses in white
pawn structure.} (27... Kf6 28. Z0 e5 29. Z0 g5 30. Z0 h5 31. Z0 Kf5 32. Z0 g4)
28. Re4 {the rook is best places on the fourth rank} Rd6 29. Ke2 Ra5 $2 (29...
e5 30. Z0 Kf6 31. Z0 g5 32. Z0 h5 33. Z0 {[%cal Yf6f5]} Kf5 34. Z0 g4) (29...
e5 $5 {[%cal Gf7f6] HarZvi,R}) 30. Rc2 {[%cal Yc2c8] White captures important
<->c} Rda6 $2 {In all cases White will move pawns "a'' and ''b''} 31. a4 Rb6
32. Rc3 e5 33. Rec4 {HarZvi: black in his last moves has done nothing to
disturb white with his plan,bringing his King to the Queen's side and then
advancing his pawns with the help of his king,after I believe black is lost}
Ke6 (33... Rd5 $5 {HarZvi,R} 34. Ke3 {[%cal Ge3e4,Gb3b4]}) 34. Kd3 Rd6+ 35. Kc2
Rad5 36. Kb2 Rd2+ 37. Rc2 R2d4 38. b4 {HarZvi: white is simply going to
advance his pawns on the Queen's with the help of his king,while his rooks on
the "c" file defend his king and not less important cut black's king} Rd7 39.
b5 Kf5 40. Kb3 e6 41. Kb4 g5 {Too late.} 42. Ka5 {HarZvi: the king is going
too far,and now black will get his chances with his "e" pawn} (42. a5 $5 {
HarZvi,R}) 42... g4 (42... Kf4 $5 {HarZvi,R}) 43. fxg4+ Kxg4 44. Rc6 (44. Ka6 {
HarZvi,R} Rxc4 45. Rxc4+ Rd4 $1) 44... Kf5 45. Rf2+ Rf4 46. Rxf4+ exf4 {
[#] Hecht:  Freibauernrennen} 47. Ka6 e5 48. a5 e4 (48... Ke4 {HarZvi,R} 49. b6
axb6 50. axb6 Ke3 51. b7) 49. Rc5+ Kg4 50. Re5 e3 51. b6 axb6 52. axb6 h5 {
HarZvi: the only move,which should give black a draw,the idea is very simple
try and move white's "g" pawn from where is stand and create 2 pass pawns} (
52... f3 {HarZvi,R} 53. Re4+) (52... Rd2 {HarZvi,R} 53. b7 Ra2+ 54. Kb6 Rb2+
55. Rb5 Rxb5+ 56. Kxb5 e2 57. b8=Q e1=Q 58. Qg8+ Kf5 59. Qxh7+ $16) 53. Re8 (
53. b7 {HarZvi,R} Rd8 54. Ka7 h4 55. b8=Q Rxb8 56. Kxb8 h3 57. gxh3+ Kxh3 58.
Re4 Kxh2 (58... Kg4 59. h4 Kxh4 60. Rxf4+ Kg3 $11) 59. Rxf4 Kg3 $11) 53... h4 (
53... Rd1 {HarZvi,R} 54. b7 Ra1+ 55. Kb6 Rb1+ 56. Kc6 h4 {HarZvi: and I can
not see a win for white}) 54. Rg8+ Kf5 55. h3 Rd2 56. b7 Ra2+ 57. Kb6 Rb2+ 58.
Kc7 Ke4 {HarZvi: unbelieveable,black throwes away the game in one move! after
58...e2 a draw canbe agreed,now the game is over} (58... e2 {HarZvi,R} 59. Re8
Rc2+ 60. Kd6 Rb2 $11) 59. b8=Q Rxb8 60. Rxb8 e2 (60... e2 {HarZvi,R} 61. Re8+
Kd3 62. Kd6 Kd2 63. Re4 e1=Q 64. Rxe1 Kxe1 65. Ke5 Kf2 (65... f3 66. gxf3 Kf2
67. Kf4 Kg2 68. Kg4) 66. Kxf4 Kxg2 67. Kg4 {HarZvi: and thanks to his "h3"
pawn white wins!!} (67. Kg4 {Hecht} Kf2 68. Kxh4 Kf3 69. Kg5 $18)) 1-0